Principles of modern digital design-(E-BOOK) (Record no. 191709)

000 -LEADER
fixed length control field 01476 a2200289 4500
003 - CONTROL NUMBER IDENTIFIER
control field Nust
005 - DATE AND TIME OF LATEST TRANSACTION
control field 20170207154022.0
010 ## - LIBRARY OF CONGRESS CONTROL NUMBER
LC control number 2006032483
020 ## - INTERNATIONAL STANDARD BOOK NUMBER
International Standard Book Number 0470072962 (cloth/cd)
020 ## - INTERNATIONAL STANDARD BOOK NUMBER
International Standard Book Number 9780470072967 (cloth/cd)
035 ## - SYSTEM CONTROL NUMBER
System control number (OCoLC)72353652
035 ## - SYSTEM CONTROL NUMBER
System control number (OCoLC)ocm72353652
040 ## - CATALOGING SOURCE
Transcribing agency Nust
082 00 - DEWEY DECIMAL CLASSIFICATION NUMBER
Classification number 621.39/5
100 1# - MAIN ENTRY--PERSONAL NAME
Personal name Lala, Parag K.,
245 10 - TITLE STATEMENT
Title Principles of modern digital design-(E-BOOK)
Statement of responsibility, etc. Parag K. Lala.
260 ## - PUBLICATION, DISTRIBUTION, ETC.
Place of publication, distribution, etc. Hoboken, N.J. :
Name of publisher, distributor, etc. Wiley-Interscience,
Date of publication, distribution, etc. c2007.
300 ## - PHYSICAL DESCRIPTION
Extent xv, 419 p. :
Other physical details ill. ;
Dimensions 27 cm. +
Accompanying material 1 DVD-ROM (4 3/4 in.)
505 ## - FORMATTED CONTENTS NOTE
Formatted contents note Number Systems and Binary Codes (Page-1),Fundamental Concepts of Digital Logic (Page-29), Combinational Logic Design (Page-59),Fundamentals of Synchronous Sequential Circuits (Page-157), VHDL in Digital Design (Page-181),Combinational Logic Design Using VHDL (Page-205), Synchronous Sequential Circuit Design (Page-235),Counter Design (Page-291),Sequential Circuit Design Using VHDL (Page-315), Asynchronous Sequential Circuits (Page-373).
650 #0 - SUBJECT ADDED ENTRY--TOPICAL TERM
Topical term or geographic name entry element Digital electronics.
650 #0 - SUBJECT ADDED ENTRY--TOPICAL TERM
Topical term or geographic name entry element Logic circuits
General subdivision Design and construction.
650 #0 - SUBJECT ADDED ENTRY--TOPICAL TERM
Topical term or geographic name entry element Logic design.
651 ## - SUBJECT ADDED ENTRY--GEOGRAPHIC NAME
Geographic name E-BOOK
856 41 - ELECTRONIC LOCATION AND ACCESS
Materials specified Contributor biographical information
Uniform Resource Identifier <a href="http://www.loc.gov/catdir/enhancements/fy0741/2006032483-b.html">http://www.loc.gov/catdir/enhancements/fy0741/2006032483-b.html</a>
856 41 - ELECTRONIC LOCATION AND ACCESS
Materials specified Publisher description
Uniform Resource Identifier <a href="http://www.loc.gov/catdir/enhancements/fy0741/2006032483-d.html">http://www.loc.gov/catdir/enhancements/fy0741/2006032483-d.html</a>
856 41 - ELECTRONIC LOCATION AND ACCESS
Materials specified Table of contents only
Uniform Resource Identifier <a href="http://www.loc.gov/catdir/toc/ecip072/2006032483.html">http://www.loc.gov/catdir/toc/ecip072/2006032483.html</a>
942 ## - ADDED ENTRY ELEMENTS (KOHA)
Source of classification or shelving scheme
Koha item type Book
Holdings
Withdrawn status Lost status Source of classification or shelving scheme Damaged status Not for loan Collection code Permanent Location Current Location Date acquired Total Checkouts Full call number Barcode Date last seen Price effective from Koha item type
            Military College of Signals (MCS) Military College of Signals (MCS) 12/12/2016   621.395 LAL MCSEB-765 12/08/2016 12/12/2016 Book
© 2023 Central Library, National University of Sciences and Technology. All Rights Reserved.